00660nam a2200169 a 450000100100000000500170001000800410002702000150006804000250008304100140010824501150012226001190023730000410035650000420039750000300043950400210046900003750920200930080413.0120420d1995 sp ac 000 0 spa d a8460613216 aDO-SdBNPbspacBNPHU17aspa.bglg00aEstudos adicados a Fr. Martín Sarmiento :bartigos tirados dos Cuadernos de estudios gallegos (1945-1982) /. aSantiago de Compostela :bConsejo Superior de Investigaciones Científicas :bInstituto "Padre Sarmiento",c1995. aXIX, 545 p. :bil., retrs. ;c24 cm. aIncluye notas al pie de las páginas aIncluye textos en gallego aBibliografía :